Normal view
MARC view
Entry Topical Term
001 - CONTROL NUMBER
- control field: 1337
003 - CONTROL NUMBER IDENTIFIER
- control field: HDC
005 - DATE AND TIME OF LATEST TRANSACTION
- control field: 20230624073112.0
008 - FIXED-LENGTH DATA ELEMENTS
- fixed length control field: 201224|| aca||aabn | a|a d
040 ## - CATALOGING SOURCE
- Original cataloging agency: HDC
- Transcribing agency: HDC
150 ## - HEADING--TOPICAL TERM
- Topical term or geographic name entry element: Halal Standards
- Geographic subdivision: Malaysia
670 ## - SOURCE DATA FOUND
- Source citation: Work cat.: (HDC): Siti Salwa Md. Sawari author 1336, Standard piawaian Halal di Malaysia menurut perundangan, kelebihan dan kekurangan, 2015
